000 00872nam a2200229Ii 4500
003 JO-AjNU
008 230605s9999||||xx |||||||||||||| ||und||
017 _a2010/3326
020 _a978-977-04-6369-1
040 _aJO-AjNU
_bara
_erda
_cJO-AjNU
041 _aara
050 1 4 _aK3410.2010
100 3 _aمحمد، بدر محمد عادل,
_eauthor
_953169
245 0 0 _aالرقابة القضائية على القرارات الإدارية في مملكة البحرين " دراسة مقارنة"
250 _aط1
264 3 1 _aالقاهرة : دار النهضة العربية ، 2010
300 _a959ص
_bيشتمل على مراجع ببلوغرافية ص (899-926)
336 _atext
_btxt
_2rdacontent
337 _aunmediated
_bn
_2rdamedia
338 _avolume
_bnc
_2rdacarrier
650 4 _aقانون إداري -- رقابة إدارية
_953170
999 _aA23597
_c27165
_d27165